00566nam a2200193Ia 450000500170000000800410001708200210005810000120007924500710009126000210016230000150018365000100019865000130020865000140022165000190023594200060025495200970026099900150035720250213004259.0240331s9999 xx 000 0 und d bKHA25615a305.4 aKhan, U 0aStorm in the Shelter:bLesson Learnt from the Mera Ghar Experience bAurat Foundation aiv, 71 p., aWomen aViolence aLegal Aid aCivil Society  cL 001040708LaWERCLbWERCLcSSCd2024-03-31l0o 305.5 KHAp5615r2024-03-31w2024-03-31yL c1341d1341